000
00260nam a22001097a 4500
082
_a
200
100
_a
Chatterjee , S. C.
_9
80246
245
_a
Nyaya Theory of Knowledge
260
_a
Delhi
_b
Bharatiya Kala Pra
_c
2018
650
_a
Religion
_9
80247
942
_c
BK
999
_c
63670
_d
63670